Edvard Grieg život a dielo

Bibliographic Details
Other Authors: Štefková, Markéta, 1967- (Editor), Labajova, Veronika (Photographer)
Format: Book
Language:Slovak
English
PhysicalDescription:240 s. faks., fotogr., noty 21 cm
Published: V Bratislave Vysoká škola múzických umení 2016
ISBN:9788089439942
Subjects:

MARC

LEADER 00000nam a2200000 a 4500
001 vtls011604168
003 SK-MaSNL
005 20260302052631.0
008 180122s2016 xo hoa g h 000 0bslo
015 |a SNBA2017/01 
020 |a 9788089439942  |q (brož.) 
035 |a B8001A43-7622-4079-8A9C-4E1D3AA3C0B6 
035 |a urn:nbn:sk:snk-amtiu9 
035 |a urn:nbn:sk:snk-am00c3kh 
040 |a SNK  |b slo  |c SNK  |e AACR2 
041 0 |a slo  |a eng 
043 |a e-no--- 
044 |a xo  |c SK 
072 7 |a 78.07  |x Hudobníci, skladatelia a iné hudobné povolania  |2 konspekt 
072 7 |a 929  |x Biografie  |2 konspekt 
080 |a 78.071.1  |2 2011 
080 |a (481)  |2 2011 
080 |a (092)  |2 2011 
245 0 0 |a Edvard Grieg  |b život a dielo  |c editor Markéta Štefková ; [fotografie: Veronika Labajová] 
260 |a V Bratislave  |b Vysoká škola múzických umení  |c 2016 
300 |a 240 s.  |b faks., fotogr., noty  |c 21 cm 
504 |a Bibliografické odkazy ; poznámky 
546 |a Súbežný podnázov a text v angličtine 
600 1 7 |a Grieg, Edvard,  |d 1843-1907  |2 SNKMA  |9 123048 
650 0 7 |a hudobní skladatelia  |2 SNKPH  |9 3188 
650 0 7 |a Composers  |2 SNKPHeng  |9 278300 
651 7 |a Nórsko  |2 SNKPH  |9 13218 
651 7 |a Norway  |2 SNKPHeng  |9 341223 
655 7 |a biografie  |2 SNKPH  |9 27965 
655 7 |a Biography  |2 SNKPHeng  |9 266314 
700 1 |a Štefková, Markéta,  |d 1967-  |4 edt  |9 251862 
700 1 |a Labajova, Veronika  |4 pht  |9 709711 
752 |a Slovensko  |d Bratislava 
852 |a Štátna vedecká knižnica v Banskej Bystrici 
919 |a 978-80-89439-94-2 
958 |a NB 
958 |a BC 
999 |c 1106000  |d 1107930 
952 |a SNK  |b SNK  |y PREZ  |7 0  |p 17A1251144  |o snkSC 172612  |i snk2017/1050  |8 0  |0 0  |1 0  |4 0  |d 2017-01-13  |f 1  |l 0  |r 2025-09-10 00:00:00  |w 2026-02-24 
952 |a SNK  |b SNK  |y VYP  |7 0  |p 17A1251145  |o snkSC 172612 D1  |i snk2017/1051  |8 0  |0 0  |1 0  |4 0  |d 2017-01-13  |l 0  |r 2026-02-24 17:45:13  |w 2026-02-24